| 000 | 00673nam a2200265Ia 4500 | ||
|---|---|---|---|
| 005 | 20260121170751.0 | ||
| 008 | 008 260114s9999 xx 000 0 eng d | ||
| 020 | _a9783030003203 | ||
| 037 | _aEBOOK | ||
| 040 | _aCRL | ||
| 040 | _beng | ||
| 040 | _cCRL | ||
| 041 | _2eng | ||
| 041 | _aeng | ||
| 084 | _qCRL | ||
| 100 |
_aIslem Rekik, Gozde Unal, Ehsan Adeli, Sang Hyun Park _91067919 |
||
| 245 | 0 | _aPRedictive Intelligence in MEdicine | |
| 260 | _bSpringer | ||
| 260 | _bSpringer | ||
| 260 | _c2018 | ||
| 856 | _uhttps://link.springer.com/openurl?genre=book&isbn=978-3-030-00320-3 | ||
| 942 | _cEBOOK | ||
| 999 |
_c1633649 _d1633649 |
||